Гляциальная геология: методическое пособие по изучению ледниковых образований при геологической съемке крупного масштаба

Bibliographic Details
Main Author: Каплянская Ф. А. Флориана Аркадьевна
Other Authors: Тарноградский В. Д. Владимир Давыдович
Language:Russian
Published: СПб., Недра, 1993
Subjects:
Format: Book
KOHA link:https://koha.lib.tpu.ru/cgi-bin/koha/opac-detail.pl?biblionumber=28107

MARC

LEADER 00000nam0a2200000 4500
001 28107
005 20231030202658.0
010 |a 5247027361 
035 |a (RuTPU)RU\TPU\book\28363 
035 |a BOOK00028438 
090 |a 28107 
100 |a 20011209d1993 m y0rusy50 ca 
101 0 |a rus 
102 |a RU 
105 |a a j 001zy 
200 1 |a Гляциальная геология  |e методическое пособие по изучению ледниковых образований при геологической съемке крупного масштаба  |f Ф. А. Каплянская, В. Д. Тарноградский 
210 |a СПб.  |c Недра  |d 1993 
215 |a 328 с.  |c ил. 
320 |a Библиогр.: с. 313-325. 
610 1 |a геология 
610 1 |a гляциальная геология 
610 1 |a ледники 
610 1 |a геологическая съемка 
610 1 |a ледниковые образования 
610 1 |a картирование 
610 1 |a крупный масштаб 
610 1 |a учебные пособия 
675 |a 551.33(07)  |v 3 
700 1 |a Каплянская  |b Ф. А.  |g Флориана Аркадьевна 
701 1 |a Тарноградский  |b В. Д.  |g Владимир Давыдович 
801 0 |a RU  |b 63413507  |c 20011209  |g PSBO 
801 2 |a RU  |b 63413507  |c 20120921  |g PSBO 
942 |c BK